000 00947nam a2200241 i 4500
001 bg
100 1 _aBOROWIEC, Zdzisław
245 1 0 _aOptymalizacja składu klasowo-grupowego surowca do wytwarzania węglowodorów aromatycznych metodą reformowania katalitycznego /
_cZdzisław Borowiec.
260 _aKraków :
_bPK,
_c1993.
300 _a134 s., [6]k.tabl.złoż. :
_brys., wykr. ;
_c24 cm.
490 1 _aZeszyt Naukowy / Politechnika Krakowska. Inżynieria Chemiczna i Procesowa ;
_vz. 22
500 _aNumeracja ser. gł. : nr 1.
504 _aBibliogr. s. 101-107. - Strescz., summ., Zsfassung.
650 9 _aTechnologia chemiczna
650 9 _aNafta
_xtechnologia
650 9 _aWęglowodory
_xzwiązki
830 0 _aZeszyt Naukowy (Politechnika Krakowska).
_pInżynieria Chemiczna i Procesowa ;
_vz. 22
040 _cBPK
041 _apol
080 _a66.01/.09:661.7
942 _cKS
008 s pl f |000 0 pol
999 _c30527
_d30527
856 _uhttp://koha.tu.koszalin.pl/cgi-bin/koha/opac-detail.pl?biblionumber=30527
_yKatalog online BPK